Normal view
MARC view
Entry Topical Term
001 - CONTROL NUMBER
- control field: 360975
003 - CONTROL NUMBER IDENTIFIER
- control field: OSt
005 - DATE AND TIME OF LATEST TRANSACTION
- control field: 20220927103639.0
008 - FIXED-LENGTH DATA ELEMENTS
- fixed length control field: 220927|| aca||aabn | a|a d
040 ## - CATALOGING SOURCE
- Original cataloging agency: OSt
- Transcribing agency: OSt
150 ## - HEADING--TOPICAL TERM
- Topical term or geographic name entry element: Agriculture
670 ## - SOURCE DATA FOUND
- Source citation: Work cat.: (OSt)684546: "United Nations, Food and Agriculture Organization" 360974, Maize and maize diets , 1953
